[Event "ISR-chT"]
[Site "Israel"]
[Date "2004.03.19"]
[Round "6"]
[White "Rinberg, Alexander"]
[Black "Golod, Vitali"]
[Result "1-0"]
[WhiteElo "2331"]
[BlackElo "2544"]
[Annotator "Golod,V"]
[PlyCount "103"]
[EventDate "2004.01.03"]
[EventType "team"]
[EventRounds "11"]
[EventCountry "ISR"]
[SourceTitle "CBM 100"]
[Source "ChessBase"]
[SourceDate "2004.06.01"]
[SourceVersion "1"]
[SourceVersionDate "2004.06.01"]
[SourceQuality "1"]

1. e4 c5 2. Nf3 d6 3. d3 {The choice by my contender of this variation became
a big surprise for me.} Nc6 4. g3 g6 5. Bg2 Bg7 6. O-O Nf6 7. Re1 Bg4 (7... O-O
$5 {It's main line.You can see annotations to game: Yudasin,L-Mascarinas,R/
Manila,1990/CBM 19(1-0)(Horn,Pe)(33)}) 8. h3 ({After:} 8. Nbd2 O-O 9. h3 {
Black has an additional opportunity:} Bd7 $5 {[%csl Rd2]}) 8... Bxf3 9. Qxf3 ({
Is a possible continuation of the play:} 9. Bxf3 $5) 9... Rc8 $5 {Novelty on
the early stage of the game. I am not in a hurry with castle,because I do not
want to define a position of the my king.} ({On:} 9... O-O $5 {you can find
seven games in Mega Database 2004.}) (9... b5 $4 {is refuted by:} 10. e5 $18 {
[%csl Ra8,Rc6,Gf3,Gg2]}) 10. c3 {Absolutely not clearly: than position of the
White's knight on point "d2" is better in comparison with position on point
"a3"?} (10. a4 $5 {[%cal Yb1a3]}) 10... b5 11. Nd2 $6 (11. a3 $5 $11) 11... Nd7
{Black have created a threat: b4 (/^a1-h8; ><c3).} 12. Qd1 b4 {White can not
simultaneously protect all weaknesses and consequently should agree to the
next positional concession:} 13. c4 {[%csl Rd4]} ({It was badly:} 13. Qc2 $2 {
in view of:} bxc3 14. bxc3 $140 Nb4 $17 {[%csl Ra1,Gb4,Rc3,Rd3,Gg7]}) 13... Nd4
$15 14. Nf1 a5 15. h4 $5 {[%cal Gh4h5] This move is directed against 15...0-0,
which now considerably loses in force.} a4 (15... h5 $5 {[%csl Yh5]}) 16. Ne3 {
This move is the "harbinger" of active actions in this game.} a3 {[%csl Ra1,
Gg7] I had uneasy choice,and I have failed to find the best continuation:} (
16... Ra8 $5 {[%csl Ya8][%cal Ya8a4,Ga4a3]} 17. e5 $140 $6 (17. Rb1 $142) 17...
Nxe5 $1 18. Bxa8 Qxa8 $36 {[%csl Ga8,Gd4,Ge5,Rf3,Rg1]}) 17. bxa3 $1 {White
have selected the most resolute continuation.} Nf3+ 18. Bxf3 Bxa1 19. axb4 cxb4
{[%mdl 1024]} ({Probably,it was better:} 19... Bc3 $5 20. Bd2 Bxb4 21. Bxb4
cxb4 22. Nd5 $15) 20. Nd5 Bd4 ({Again it deserves attention:} 20... Bc3 $5) 21.
Bg5 $1 {[%csl Gd5,Re7,Gg5]} f6 $140 22. Bd2 {[%csl Rb4]} Ne5 23. Bxb4 e6 24.
Ne3 {I have compelled the contender to make this move, as I wanted to ensure
safety to my king.} Rb8 25. a3 O-O {I made this move in the most suitable
moment.} 26. Kg2 Qc7 ({Leads to equality:} 26... Bc5 {[%csl Ra3,Rb4]} 27. Nc2
f5 28. Bxc5 dxc5 29. exf5 Qd6 {[%csl Rf3,Rf5][%cal Yd6e5]}) 27. h5 g5 28. h6 $5
{[%csl Rg8] In my opinion,it is not enough for the equation.} Kh8 (28... Bc5
$143 29. Nc2 f5 $11) 29. Nc2 Bc5 30. Bc3 Rb3 31. Qd2 Qa7 $2 {[%csl Rc3,Rf2]
[%cal Gc5f2]} ({After:} 31... Nxf3 $5 32. Kxf3 {it was possible to use a
unsuccessful location of the White's king:} e5 $1 $15 {[%csl Ra3,Rf3,Gf8][%cal
Gf6f5]}) 32. Be2 $1 {I at all did not expect this move.} Nc6 $6 {I obviously
have lost a "string of game".} (32... Bxf2 $142 33. Rf1 Bb6 $140 34. c5 $1 {
[%csl Gc3,Gc5,Yd6,Re5,Gf1,Rf8][%cal Yd6e5]} Bxc5 $140 $8 35. d4 {[%csl Rc5,Re5]
} Qb7 36. dxc5 Qxe4+ 37. Kf2 dxc5 38. Qd6 $1 $14) 33. d4 Rxc3 34. Qxc3 $1 (34.
dxc5 $143 Rxc2 35. Qxc2 Nd4 36. Qc3 dxc5 $14) 34... Nxd4 35. Bg4 $1 $16 {
[%csl Gc3,Re6,Gg4,Rh8] /^c8-h3; /^a1-h8} Qb6 ({Immediately loses a game the
following move:} 35... Rb8 $2 {in view of:} 36. Bxe6 $1 {[%csl Gc3,Rf6,Rh8]}
Rb3 $140 37. Qa1 Qb6 38. Bd5 Rb2 39. Ne3 $18) 36. Rd1 $1 {[%csl Rd4] The game
of White corresponds to the requirements of a position.} Nc6 $2 {It's already
decisive mistake.} ({More stubborn resistance after:} 36... e5 $16) 37. Bxe6
Bxf2 38. Rf1 {[%csl Rf2,Rf6]} (38. Rxd6 $143 Bc5 39. Rd1 Ne5 {[%csl Yc5,Ye5]})
38... Bd4 39. Nxd4 Nxd4 (39... Qxd4 40. Qxd4 Nxd4 41. Bd5 $18 {[%csl Ga3,Gf1,
Rf6,Rh8][%cal Ga3a4]}) 40. Bd5 g4 41. Qe3 $1 $18 {[%csl Rb6,Rd4,Rf6][%cal
Gf1d1] The rest is easy without comments.} Qb2+ 42. Rf2 Rb8 $138 (42... Qa1
$143 43. Qg5 $1 {[%csl Gf2,Rf8,Rg4,Rh8][%cal Gg5g7,Gg5g4]}) (42... Nc2 $2 43.
Qd2 {[%csl Rb2,Rc2]}) 43. Rxb2 Rxb2+ 44. Qf2 (44. Kf1 $144 Rb1+ 45. Kf2 Rb2+
46. Kg1 (46. Ke1 $4 Nc2+ {[%csl Gc2,Re1,Re3][%cal Gc2e3,Gc2e1]}) 46... Rb1+ 47.
Kg2 Rb2+ 48. Qf2 $18) 44... Rxf2+ 45. Kxf2 f5 46. a4 fxe4 47. a5 Nc2 48. Bxe4 (
48. a6 $142 e3+ 49. Kg2 $1 e2 50. a7 {[%csl Rh8][%cal Ga7a8]}) 48... Nb4 49.
Bb7 Kg8 50. a6 Nxa6 51. Bxa6 Kf7 52. Ke3 1-0

[Event "Ischia"]
[Site "Ischia"]
[Date "1996.??.??"]
[Round "3"]
[White "Romanishin, Oleg M"]
[Black "Hodgson, Julian M"]
[Result "1-0"]
[WhiteElo "2590"]
[BlackElo "2615"]
[Annotator "Greenfeld,A"]
[PlyCount "79"]
[EventDate "1996.06.??"]
[EventType "tourn"]
[EventRounds "9"]
[EventCountry "ITA"]
[EventCategory "14"]
[SourceTitle "CBM 054"]
[Source "ChessBase"]
[SourceDate "1996.10.01"]
[SourceVersion "1"]
[SourceVersionDate "1996.10.01"]
[SourceQuality "1"]

1. Nf3 b5 2. g3 Bb7 3. Bg2 c5 4. O-O Nf6 5. d3 g6 {N/} (5... e6) (5... d6) 6.
e4 Bg7 $6 {>=} (6... d6) 7. e5 $1 Nd5 (7... Ng4 8. Re1) 8. d4 $5 cxd4 (8... Qb6
9. c3 {/\ Nbd2-e4,h4-h5|^>>}) (8... d6 $5 9. dxc5 dxc5 10. Na3 $14) 9. Nxd4 Qb6
(9... Bxe5 $2 10. Re1 d6 11. Nxb5 Qb6 12. c4 $18) 10. a4 $1 Nc7 (10... Bxe5 11.
Nxb5) (10... b4 11. Nb5) (10... bxa4 $5 11. Re1 $16) 11. Bxb7 (11. Be3 $6 Bxg2
12. Nxb5 Qb7 13. Nxc7+ Qxc7 14. Kxg2 Qxe5) 11... Qxb7 12. Nxb5 Nxb5 13. axb5
Qxb5 (13... Bxe5 $6 14. Re1 $1 Qxb5 (14... d6 15. Nc3 O-O 16. Qd5 $18) 15. Na3
Qc5 16. Be3 {|^}) 14. Nc3 $1 Qb7 (14... Qxe5 $2 15. Re1 Qc5 (15... Qd4 16. Qf3
Nc6 17. Nb5) 16. Ne4 (16. Nd5 {->}) (16. Be3 {/\ Nd5->}) 16... Qc6 $8 17. Nd6+
Kf8 18. Rxe7 $1 Kxe7 19. Qe1+ Kd8 (19... Kxd6 20. Bf4+ Kc5 21. Ra5+) (19... Kf6
20. Ra5 $1) 20. Nxf7+ $18) 15. Ra5 $1 $16 {()>< a7} Nc6 (15... O-O 16. Rb5) 16.
Rb5 Qc8 17. Bf4 O-O 18. Nd5 $5 (18. Re1 $16) 18... Re8 (18... e6 19. Nf6+ Bxf6
20. exf6 {|^>>}) 19. Re1 Rb8 20. Rxb8 Nxb8 $6 (20... Qxb8 $1 21. e6 (21. Nf6+
$2 exf6 22. exf6 Rxe1+ 23. Qxe1 Qb4 (23... Qa8 $5 24. fxg7 Nd4) 24. Qxb4 Nxb4
25. fxg7 Nxc2) 21... d6 22. exf7+ Kxf7 $16) 21. c3 Nc6 22. b4 $1 {><a7} Nd8 $2
(22... e6 23. Nf6+ Bxf6 24. exf6 d5 $16) 23. Bg5 $1 Bf8 $8 (23... Kf8 24. Nxe7
Rxe7 25. Qd6 Nc6 26. b5) 24. Be3 $18 Qb7 25. f4 Ne6 26. Qd3 Nc7 27. Nxc7 Qxc7
28. Ra1 Ra8 29. Bd4 {/\ Qf3} Qb7 30. Qa6 $1 Qc7 (30... Qe4 31. Qf1 {/\ Qg2})
31. Qf1 Qb7 (31... Qc6 32. Qg2 a6 33. b5) 32. Qg2 Qc8 33. Qf3 a6 34. b5 a5 35.
b6 Qa6 36. Qf1 Qxf1+ 37. Kxf1 a4 38. Ke2 e6 39. Kd3 a3 40. Kc4 1-0

[Event "Groningen Festival"]
[Site "Groningen"]
[Date "1998.12.21"]
[Round "2"]
[White "Milov, Vadim"]
[Black "Tiviakov, Sergei"]
[Result "1/2-1/2"]
[WhiteElo "2640"]
[BlackElo "2655"]
[Annotator "Hecht,H"]
[PlyCount "162"]
[EventDate "1998.12.20"]
[EventType "tourn"]
[EventRounds "10"]
[EventCountry "NED"]
[EventCategory "16"]
[SourceTitle "CBM 069"]
[Source "ChessBase"]
[SourceDate "1999.04.01"]
[SourceVersion "1"]
[SourceVersionDate "1999.04.01"]
[SourceQuality "1"]

1. Nf3 Nf6 2. g3 b6 3. Bg2 Bb7 4. O-O e6 5. d3 d5 6. e4 dxe4 7. Nfd2 Be7 8.
dxe4 e5 9. Nc3 O-O 10. Nc4 Ba6 11. Nxe5 Bxf1 12. Qxf1 c6 13. Bf4 b5 14. a4 b4
15. Rd1 Qa5 16. Nd5 cxd5 17. exd5 Bc5 18. d6 Nbd7 19. Nc6 Qxa4 20. Ne7+ Kh8 21.
Bxa8 Rxa8 22. Qc4 Rf8 23. Bg5 Qa5 24. Bxf6 Nxf6 25. Nc6 Qb6 26. Ne5 Kg8 27. d7
Be7 28. Nc6 Bd8 29. Nxb4 Qb7 30. c3 a5 31. Qc6 Qa7 32. Na6 Bb6 33. Kg2 h5 34.
c4 Rd8 35. c5 Qxa6 36. cxb6 h4 37. Qc7 Rxd7 38. Rxd7 Nxd7 39. Qxd7 Qxb6 40.
Qe8+ Kh7 41. Qe4+ Kg8 42. Qe8+ Kh7 43. Qxf7 hxg3 44. Qf5+ Kh6 45. hxg3 Qb7+ 46.
Kg1 Qxb2 47. Qxa5 Qb1+ 48. Kh2 Qe4 49. Qb6+ Kh7 50. Qe3 Qd5 51. f3 Qd6 52. Kh3
g6 53. g4 Kg7 54. g5 Qd7+ 55. Kg3 Qd6+ 56. Qf4 Qe6 57. Qd4+ Kf7 58. Qe4 Qb6 59.
Qd5+ Kf8 60. Kf4 Qb4+ 61. Qe4 Qb6 62. Qe5 Kf7 63. Qd5+ Ke7 64. Ke4 Qb1+ 65. Qd3
Qb4+ 66. Ke3 Qc5+ 67. Kf4 Qc7+ 68. Kg4 Qc8+ 69. Kg3 Qb8+ 70. f4 Qb6 71. Qe4+
Kf7 72. Qd5+ Kf8 73. Kf3 Ke7 74. Qe5+ Kf7 75. Ke4 Qb1+ 76. Kd5 Qb5+ 77. Kd6
Qb6+ 78. Kd7 Qb7+ 79. Qc7 Qxc7+ 80. Kxc7 {Thema: Opposition zwecks Vermeidung
der Umgehung.} Ke7 $8 (80... Ke6 $2 81. Kd8 Kf5 82. Ke7 Kxf4 83. Kf6 $18) 81.
Kc8 $8 (81. Kc6 Ke6 $19) 81... Ke8 $8 1/2-1/2

[Event "MK Cafe Cup-A"]
[Site "Koszalin"]
[Date "1999.08.05"]
[Round "3"]
[White "Skripchenko, Almira"]
[Black "Koc, Przemyslaw"]
[Result "0-1"]
[WhiteElo "2456"]
[BlackElo "2345"]
[Annotator "Hecht,H"]
[PlyCount "180"]
[EventDate "1999.08.03"]
[EventType "swiss"]
[EventRounds "9"]
[EventCountry "POL"]
[SourceTitle "CBM 073"]
[Source "ChessBase"]
[SourceDate "1999.12.01"]
[SourceVersion "1"]
[SourceVersionDate "1999.12.01"]
[SourceQuality "1"]

1. e4 c5 2. Nf3 Nf6 3. d3 d6 4. g3 g6 5. Bg2 Bg7 6. O-O Nc6 7. c3 O-O 8. a3 d5
9. Nbd2 dxe4 10. dxe4 Ng4 11. Qe2 b6 12. Rd1 Qc7 13. Nf1 a5 14. Ne1 Nge5 15.
Ne3 Ba6 16. Qc2 e6 17. f4 Nc4 18. Nxc4 Bxc4 19. a4 Rad8 20. Be3 Ba6 21. Nf3 Ne7
22. Bf1 Bb7 23. Re1 Nc8 24. Bf2 Nd6 25. Bg2 Bc6 26. b3 Bb7 27. Rab1 Rfe8 28. e5
Nf5 29. Ng5 Bxg2 30. Kxg2 Rd7 31. Ne4 Red8 32. g4 Ne7 33. Bh4 h6 34. Qf2 Rf8
35. Bf6 Nd5 36. c4 Nb4 37. Re3 Rd4 38. Qf3 Bxf6 39. exf6 Rfd8 40. Rf1 Nc2 41.
Re2 Rd3 42. Qf2 Qb7 43. Kg1 Nd4 44. Re3 Rxe3 45. Qxe3 Nc2 46. Qe2 Nb4 47. Nf2
Qd7 48. Rd1 Qc7 49. f5 Rxd1+ 50. Qxd1 exf5 51. gxf5 Nc6 52. Qd5 Kh7 53. h4 Qg3+
54. Kf1 Ne5 55. Qe4 g5 56. hxg5 hxg5 57. Ke2 Qh2 58. Qe3 Ng4 59. Qh3+ Qxh3 60.
Nxh3 {[#] Der schwarze Mehrfreibauer setzt sich nach Abdrängung des
bewachenden weißen Springers durch.} Kh6 61. Kf3 Nxf6 62. Nf2 Kh5 63. Kg3 g4
64. Kf4 Kh4 65. Nd3 Nh5+ 66. Ke5 f6+ 67. Kd6 g3 ({Einfacher war} 67... Kg3 68.
Kc6 Kf3 69. Ne1+ (69. Kxb6 g3 $19) 69... Kf2 70. Nd3+ Ke2 $19) 68. Kc6 Kg4 (
68... g2 $2 69. Ne1 g1=Q 70. Nf3+) 69. Ne1 Kf4 70. Kxb6 Ke3 71. Ng2+ Kf2 72.
Nh4 Ng7 73. Kxa5 Nxf5 74. Nxf5 g2 75. Kb6 g1=Q 76. a5 Qb1 77. Nd6 Qxb3+ 78. Kc6
Qa4+ 79. Kb6 Qb4+ 80. Nb5 Qxc4 81. a6 Qa4 82. a7 c4 83. Nc3 Qa1 84. Nb5 Qh1 85.
Kc5 Qb7 86. Kxc4 Ke3 87. Kc3 f5 88. Nd6 Qxa7 89. Nxf5+ Ke4 90. Nd6+ Kd5 0-1

[Event "Niksic"]
[Site "Niksic"]
[Date "1991.??.??"]
[Round "12"]
[White "Cabrilo, Goran"]
[Black "Vukovic, Zdravko"]
[Result "0-1"]
[WhiteElo "2490"]
[BlackElo "2395"]
[Annotator "Horn,Pe"]
[PlyCount "66"]
[EventDate "1991.04.??"]
[EventType "tourn"]
[EventRounds "13"]
[EventCountry "YUG"]
[EventCategory "9"]
[SourceTitle "CBM 024"]
[Source "ChessBase"]
[SourceDate "1991.10.01"]
[SourceVersion "1"]
[SourceVersionDate "1991.10.01"]
[SourceQuality "1"]

1. g3 Nf6 2. Bg2 e6 3. Nf3 a6 $5 {/\ b5} (3... b5 4. Ne5 $5) 4. d3 {N} (4. O-O
b5 5. c3 Bb7 6. a4 Be7 7. d4 $14 {Johansen-Castaneda, Dubai ol 86}) 4... b5 5.
e4 Bb7 6. O-O Be7 7. Nbd2 O-O 8. Re1 c5 9. e5 Ne8 10. Ne4 f5 11. exf6 (11. Neg5
$6 h6 12. Nh3 g5 13. Nd2 Bxg2 14. Kxg2 Nc6 $15) 11... Nxf6 12. Nfg5 Nc6 13.
Nxf6+ gxf6 (13... Bxf6 14. Qh5 $14) 14. Nf3 Qc7 15. c3 (15. Bh6 $5 $10) 15...
Kh8 16. Bf4 Bd6 (16... e5 $6 17. Bh6 Rg8 18. Nh4 $16 {><d5,e4,f5}) 17. Bxd6
Qxd6 18. d4 c4 19. Nh4 Qc7 20. d5 (20. Qh5 Rg8 21. Qh6 $14) 20... Ne5 21. Qh5 {
/\ Rxe5} Rg8 22. Qh6 Ng4 $1 23. Qd2 Ne5 24. Rad1 $6 (24. Qh6 $5) 24... Nd3 25.
Qh6 (25. Re2 Bxd5 26. Bxd5 exd5) 25... Nxe1 26. Qxf6+ Rg7 27. Rxe1 Qc5 {/\ Rf8}
28. dxe6 Rf8 (28... Bxg2 29. exd7 Rf8 30. d8=Q $18) 29. exd7 Rxf6 30. d8=Q+ Rf8
31. Qd2 Rd7 32. Qe2 $2 (32. Qc2 $8) (32. Qxd7 $2 Qxf2+ 33. Kh1 Qf1+ 34. Rxf1
Rxf1#) 32... Re7 33. Qd2 (33. Qxe7 Qxf2+ 34. Kh1 Qf1+ 35. Rxf1 Rxf1#) 33...
Rxf2 $1 0-1

[Event "Baden-Baden-B"]
[Site "Baden-Baden"]
[Date "1992.12.07"]
[Round "3"]
[White "Bischoff, Klaus"]
[Black "Schlosser, Philipp"]
[Result "1-0"]
[WhiteElo "2510"]
[BlackElo "2500"]
[Annotator "Horn,Pe"]
[PlyCount "89"]
[EventDate "1992.12.??"]
[EventType "tourn"]
[EventRounds "11"]
[EventCountry "GER"]
[EventCategory "11"]
[SourceTitle "CBM 033"]
[Source "ChessBase"]
[SourceDate "1993.04.01"]
[SourceVersion "1"]
[SourceVersionDate "1993.04.01"]
[SourceQuality "1"]

1. Nf3 e6 2. g3 b5 3. Bg2 Bb7 4. O-O Nf6 5. d3 Be7 6. e4 d6 (6... c5) (6... O-O
7. Nd4 a6 8. Nb3 Nc6 {Bilek-L.Portisch, Ungarn 1985} 9. d4 $13) 7. c3 (7. Nd4
Qd7 (7... a6 8. e5 $6 Bxg2 9. exf6 Bxf6 10. Nxe6 fxe6 11. Kxg2 $13) 8. f4 c5 9.
Nf3 Nc6 10. Nc3 b4 11. Ne2 {Camara-Sanguinetti, Sao Paulo 1977}) (7. Re1 O-O 8.
Nd4 a6 9. Nb3 {/\ e5} c6 10. a4 d5 $132 {Barcza-Larsen, Hastings 1973}) 7...
Nbd7 (7... c5) 8. Nd4 c6 (8... a6 $2 9. e5 Bxg2 10. exf6 Bxf1 11. fxe7 (11. Nc6
$2 Qc8 12. Nxe7 Qb7 13. Qxf1 Nxf6 $19) 11... Qxe7 12. Qxf1 $16) 9. f4 Qb6 10.
Be3 {/\ Nf5} c5 11. Nc2 Qc7 12. Nd2 Nb6 13. Qe2 Na4 14. Rab1 a6 15. Bf2 O-O (
15... h5 $6 $13) 16. g4 Rfe8 17. Bg3 Bf8 18. Bf3 Nd7 19. Qg2 g6 20. e5 $1 $16
Bxf3 21. Qxf3 f5 (21... dxe5 22. fxe5 Nxe5 23. Bxe5 (23. Qf4 Bg7 (23... Bd6 $2
24. Ne4 $18) 24. g5 (24. d4 cxd4 25. cxd4 Qxc2 26. dxe5 Ra7 $17) (24. Ne4 f5)
24... Qe7 $13) 23... Qxe5 24. Qxf7+ Kh8 25. Ne4 $16) (21... d5 22. f5 $40) 22.
exf6 Nxf6 23. Ne3 Bg7 24. f5 exf5 $2 (24... gxf5 25. gxf5 e5 26. Nd5 Qf7 27.
Nxf6+ Bxf6 28. Ne4 $16) 25. gxf5 Qf7 (25... Rf8 26. Nd5 Nxd5 27. Qxd5+ $16) 26.
fxg6 Qxg6 (26... hxg6 27. Ng4 Rf8 28. Bxd6 $18) 27. Nf5 Qg4 28. Nxd6 Qxf3 29.
Nxf3 Re2 30. Rf2 Rxf2 31. Kxf2 Nd5 32. d4 cxd4 33. cxd4 Nb4 34. b3 Nc3 35. Rg1
Ncxa2 (35... Kh8 36. Be5 Bxe5 37. Nf7#) (35... Kf8 36. Ne5 $40) 36. Be5 Nd3+
37. Ke3 Nxe5 38. dxe5 Kf8 39. Nf5 Ra7 40. Kf4 Nb4 41. N3d4 Bh8 42. Ke4 h5 43.
Rc1 Ra8 44. Ne6+ Kf7 45. Rc7+ (45. Rc7+ Kxe6 (45... Ke8 46. Nd6#) (45... Kg8
46. Nh6#) 46. Re7#) 1-0

[Event "Oslo Cup"]
[Site "Oslo"]
[Date "1991.??.??"]
[Round "7"]
[White "Jansa, Vlastimil"]
[Black "Elseth, Roar"]
[Result "1/2-1/2"]
[WhiteElo "2495"]
[BlackElo "2345"]
[Annotator "Horn,Pe"]
[PlyCount "89"]
[EventDate "1991.03.??"]
[EventType "tourn"]
[EventRounds "9"]
[EventCountry "NOR"]
[EventCategory "9"]
[SourceTitle "CBM 023"]
[Source "ChessBase"]
[SourceDate "1991.08.01"]
[SourceVersion "1"]
[SourceVersionDate "1991.08.01"]
[SourceQuality "1"]

1. Nf3 Nf6 2. g3 b5 3. Bg2 Bb7 4. O-O e6 5. c3 c5 6. d3 Be7 7. a4 bxa4 8. Qxa4
O-O 9. Nbd2 d5 10. Ne5 Qc7 11. Ndf3 $2 (11. f4 $13) 11... Bd6 12. Ng4 (12. Bf4
g5 13. Bxg5 Bxe5 14. Nxe5 Qxe5) (12. d4 Ne4 {/\ f6=/+}) 12... Nfd7 13. e4 Nb6
14. Qc2 f5 15. exf5 exf5 16. Ne3 f4 17. gxf4 Bxf4 18. d4 cxd4 19. Nxd4 $6 (19.
cxd4 Qxc2 20. Nxc2 Nc6 $15) 19... Bxh2+ 20. Kh1 Be5 21. Qe2 Nc6 22. Qg4 Bxd4
23. cxd4 Kh8 24. Bd2 (24. Nxd5 Nxd5 25. Bxd5 Ne5 $19) 24... Qf4 25. Qxf4 Rxf4
26. Nc2 (26. Nxd5 $2 Nxd5 27. Bxd5 Rxd4 $19) 26... Rh4+ 27. Kg1 Nxd4 $17 28.
Nxd4 Rxd4 29. Bc3 Rg4 30. f3 Rg6 (30... Rc4 $17) 31. Bd4 h6 32. Rfe1 Nc8 33.
Re8+ Kh7 34. Kf2 a6 35. Bh3 Nd6 36. Re7 (36. Rxa8 Bxa8 37. Rxa6 $2 Ne4+ $19)
36... Bc8 37. Bf1 Nf5 38. Ra7 Rxa7 39. Bxa7 Rc6 (39... Nd6 40. Bb8 Bf5) 40. Bd3
g6 41. b4 Kg8 $2 (41... Rc3 42. Bxa6 (42. Bxf5 gxf5 $17) 42... Bxa6 43. Rxa6
Rc2+ 44. Ke1 Rb2 $17) 42. Ra5 Bb7 $2 (42... Rd6) 43. Rxd5 Rc2+ 44. Bxc2 Bxd5
45. Bxf5 1/2-1/2

[Event "EU-ch 2nd"]
[Site "Ohrid"]
[Date "2001.06.05"]
[Round "5"]
[White "Vaganian, Rafael A"]
[Black "Luther, Thomas"]
[Result "1/2-1/2"]
[WhiteElo "2641"]
[BlackElo "2568"]
[Annotator "Horn,Pe"]
[PlyCount "202"]
[EventDate "2001.06.01"]
[EventType "swiss"]
[EventRounds "13"]
[EventCountry "YUG"]
[SourceTitle "CBM 084"]
[Source "ChessBase"]
[SourceDate "2001.09.13"]
[SourceVersion "1"]
[SourceVersionDate "2001.09.13"]
[SourceQuality "1"]

1. Nf3 Nf6 2. g3 b5 3. Bg2 Bb7 4. Na3 a6 5. c4 e5 $5 6. b3 (6. cxb5 Bxa3 7.
bxa3 axb5 {Zaitsev,V-Ivanov,V/Smolensk 2000}) 6... e4 7. Nh4 $146 (7. Ng5 d5 8.
O-O h6 9. Nh3 Bd6 10. d3 O-O 11. Nf4 dxc4 12. dxc4 Qe7 13. Nc2 Rd8 $15 {
Spassov,L-Rashkovsky,N/Cappelle 1989}) 7... d5 8. O-O (8. cxd5 Qxd5 9. Nc2) (8.
cxb5 Qd7 $17 {[%csl Rh4]}) 8... g5 (8... Qd7 $2 9. d3 Bxa3 10. Bxa3 g5 11. dxe4
$16) 9. Nf5 Qd7 10. Nd4 (10. Ne3 $2 d4 $17) 10... dxc4 (10... b4 $143 11. Nb1
dxc4 12. Nc2 cxb3 13. axb3) 11. Ndc2 cxb3 12. axb3 {Für den gewonnenen Bauern
hat Schwarz sich ein wenig geschwächt. Mit seinen momentan wenig
beeindruckenden Pferden fällt es aber Weiß nicht leicht, daraus Nutzen zu
ziehen.} Bg7 13. Bb2 Nc6 (13... O-O $5) 14. f3 exf3 15. Rxf3 Nh5 16. Rd3 Qc8
17. Bxg7 Nxg7 18. Re3+ Ne7 19. Qf1 {[%cal Rf1f6]} f5 (19... Ngf5 $4 20. Bxb7
$18) 20. Nd4 Rf8 21. Nc6 (21. Bc6+ {bringt Weiß nicht voran:} Kf7) 21... Rf7 (
21... Ne6 {ging anscheinend auch:} 22. Nxe7 Kxe7 23. Bxb7 Qxb7 24. Qh3 Qd5 25.
Qxh7+ (25. Rc1 c5) 25... Rf7 26. Qg6 f4 $17) 22. Bd5 Kf8 $8 23. Rxe7 (23. Bxf7
Bxc6 24. Qc1) 23... Rxe7 24. Nxe7 Kxe7 25. Qf3 Bxd5 26. Qxd5 Qd8 {Jetzt wird
deutlich, daß Schwarz trotz des Wanderkönigs am längeren Hebel sitzt: Weiß
kommt nicht mehr dazu, R und N am Angriff teilnehmen zu lassen.} 27. Qe5+ (27.
Qc5+ Kf7 $17) 27... Ne6 {[%cal Rd8d4]} 28. e3 Qh8 29. Qxh8 Rxh8 $17 {Nun hat
Schwarz einfach einen Bauern mehr.} 30. Nc2 Rd8 31. d4 c5 (31... Rd6 32. Nb4 c5
33. Nxa6 cxd4 34. exd4 Rxd4) 32. Rxa6 cxd4 33. exd4 Nxd4 34. Na3 (34. Nxd4 Rxd4
{[%cal Yd4b4]} 35. Rc6 Rd3) 34... Rd6 35. Ra5 Rd5 36. Kf2 f4 37. Ra7+ Rd7 38.
Ra5 Rd5 39. Ra7+ Kf6 40. gxf4 gxf4 41. Rxh7 Nxb3 ({Mit} 41... b4 $1 {konnte
Luther den Abtausch eines Bauernpaares verhindern.} 42. Nc4 Nxb3 43. Rb7 $140 (
43. Kf3 Rd4 $17) 43... Nc5 $17) 42. Kf3 b4 43. Nc2 Nd2+ 44. Kxf4 b3 45. Na3 Ra5
46. Ke3 Nf1+ 47. Kd3 (47. Kf2 $2 Rxa3 48. Kxf1 b2 $19) 47... Rxa3 48. Rb7 Nxh2
49. Kc3 Ng4 50. Rxb3 $11 Ra8 51. Rb5 Ne5 52. Kd4 Ra4+ 53. Kd5 Ng6 54. Rb6+ Kf5
55. Rb5 Nf4+ 56. Kd6+ Kf6 57. Rb1 Rd4+ 58. Kc5 Rd8 59. Rf1 Kf5 60. Kc4 Rd2 61.
Kc5 Ke5 62. Re1+ Ne2 63. Kc6 Ra2 64. Kd7 Kd5 65. Ke7 Nc3 66. Kf7 Rf2+ 67. Ke7
Ra2 68. Kf7 Ra6 69. Kg7 Ne4 70. Rd1+ Ke5 71. Re1 Ra7+ 72. Kg6 Re7 73. Rf1 Re6+
74. Kg7 Kd6 75. Ra1 Nc5 76. Kf7 Re2 77. Rd1+ Ke5 78. Ke7 Ne4 79. Kd7 Rc2 80.
Re1 Rc3 81. Kd8 Rh3 82. Kd7 Rh6 83. Kc7 Kd5 84. Rd1+ Kc4 85. Rc1+ Nc3 86. Kd7
Kd4 87. Rg1 Ne2 88. Rd1+ Kc5 89. Ke7 Nc3 90. Rc1 Kd4 91. Kf7 Nd5 92. Kg7 Ra6
93. Kf7 Ne3 94. Re1 Nd5 95. Rd1+ Ke5 96. Re1+ Kf5 97. Rf1+ Nf4 98. Ke7 Ra7+ 99.
Kd6 Ra6+ 100. Kd7 Rh6 101. Ke7 Ke5 1/2-1/2

[Event "Bled op 13th"]
[Site "Bled"]
[Date "1992.??.??"]
[Round "6"]
[White "Rashkovsky, Nukhim N"]
[Black "Sermek, Drazen"]
[Result "1/2-1/2"]
[WhiteElo "2520"]
[BlackElo "2465"]
[Annotator "Horn,Pe"]
[PlyCount "70"]
[EventDate "1992.03.??"]
[EventType "swiss"]
[EventRounds "9"]
[EventCountry "SLO"]
[SourceTitle "CBM 029"]
[Source "ChessBase"]
[SourceDate "1992.08.01"]
[SourceVersion "1"]
[SourceVersionDate "1992.08.01"]
[SourceQuality "1"]

1. Nf3 c5 2. g3 Nf6 3. Bg2 g6 4. O-O Nc6 5. d3 d5 6. a3 Bg7 7. Nc3 O-O 8. Rb1
d4 (8... Nd4 9. Bd2 $10 (9. Ne1 Be6 10. b4 Rc8 11. Na4 b6 12. c3 Nf5 13. Nf3 c4
$15 {Quinteros-Uhlmann, Manila izt 1976})) 9. Na4 Qd6 10. c4 {/\ b4} dxc3 11.
bxc3 e5 12. Be3 b6 $2 (12... Nd7 $14) 13. Nxe5 $1 $16 Qxe5 14. Bxc6 Bh3 15. Bf4
Qe6 16. Bxa8 Bxf1 17. Qxf1 (17. Bf3 Bh3 18. Qd2 $16) 17... Rxa8 18. c4 Re8 19.
Nc3 $2 (19. Re1) (19. e4 $5) 19... Nh5 20. Bd2 Bxc3 21. Bxc3 Qxe2 22. Qxe2 Rxe2
$10 23. a4 Rc2 24. Rb3 f5 25. a5 bxa5 26. Rb8+ Kf7 27. Bxa5 f4 28. Kg2 fxg3 29.
hxg3 Nf6 30. Rb7+ Ke6 31. Rxa7 Ng4 32. Be1 h5 33. Ra6+ Kf7 34. Ra7+ Ke6 35.
Ra6+ Kf7 {(1.59/1.52)} 1/2-1/2